Convergence and developmental aspects of credit allocations in brics nations : (Record no. 1429783)

MARC details
000 -LEADER
fixed length control field 00585nam a2200181Ia 4500
005 - DATE AND TIME OF LATEST TRANSACTION
control field 20250606125450.0
008 - FIXED-LENGTH DATA ELEMENTS--GENERAL INFORMATION
fixed length control field 008 250516s9999 xx 000 0 eng d
020 ## - INTERNATIONAL STANDARD BOOK NUMBER
International Standard Book Number 9781032904894
040 ## - CATALOGING SOURCE
Language of cataloging eng
Transcribing agency SDCL
041 ## - LANGUAGE CODE
Language code of text/sound track or separate title eng
Source of code eng
084 ## - COLON CLASSIFICATION NUMBER
Classification number X:54 R4
245 #0 - TITLE STATEMENT
Title Convergence and developmental aspects of credit allocations in brics nations :
Remainder of title Theoretical and empirical inqueries
260 ## - PUBLICATION, DISTRIBUTION, ETC.
Place of publication, distribution, etc. London :
Name of publisher, distributor, etc. Routledge,
Date of publication, distribution, etc. 2024.
300 ## - PHYSICAL DESCRIPTION
Extent xxxi, 366p.
650 ## - SUBJECT ADDED ENTRY--TOPICAL TERM
Topical term or geographic name entry element Business Economics and Finance
700 ## - ADDED ENTRY--PERSONAL NAME
Personal name Das, Ramesh Chandra Ed.
942 ## - ADDED ENTRY ELEMENTS (KOHA)
Koha item type Textual
Source of classification or shelving scheme Colon Classification (CC)
650 ## - SUBJECT ADDED ENTRY--TOPICAL TERM
-- 812046
700 ## - ADDED ENTRY--PERSONAL NAME
-- 727509
999 ## -
-- 1429783
-- 1429783
Holdings
Withdrawn status Lost status Source of classification or shelving scheme Damaged status Not for loan Home library Current library Date acquired Source of acquisition Inventory number Total checkouts Full call number Barcode Date last seen Price effective from Koha item type
    Colon Classification (CC)     South Campus Library South Campus Library 2025-05-22 Shivam Book Service 116, 02/01/2025   X:54 R4 SC1690962 2025-05-22 2025-05-22 Textual
Copyright @ Delhi University Library System